| 000 | 00951nam a2200241 a 4500 | ||
|---|---|---|---|
| 001 | 49997 | ||
| 003 | BD-RjUL | ||
| 005 | 20211209075437.0 | ||
| 008 | 160823r19691965ii a|||| |||| 00| f ben d | ||
| 020 | _c: Tk. 5.00 | ||
| 035 | _a(BD-RjUL) 50117 | ||
| 040 |
_aBD-RjUL _bben _cBD-RjUL |
||
| 041 | _aben | ||
| 082 |
_223 _a891.73 _bLEP 1969 |
||
| 100 | 1 |
_aলেসকফ, নিকোলাস _9149829 |
|
| 245 | 1 | 0 |
_aপ্রেম / _cনিকোলাস লেসকফ ; সৈয়দ মুজতবা আলী, অনূদিত |
| 260 |
_aকলিকাতা : _bআনন্দ, _c১৯৬৫ (মুদ্রণ ১৯৬৯) |
||
| 300 |
_a১০৪ পৃ. : _bচিত্র ; _c২১ সেমি. |
||
| 650 |
_aরাশিয়ান উপন্যাস _9149830 |
||
| 650 |
_aRussian Fiction _9122083 |
||
| 700 |
_aআলী, সৈয়দ মুজতবা, অনুবাদক _9149831 |
||
| 942 |
_2ddc _cBK |
||
| 999 |
_c49997 _d49997 |
||